000 00190nam a2200073Ia 4500
008 180219s9999 xx 000 0 und d
100 _aGupta S
245 0 _aEducation In Emerging In India
260 _aShipra Publishing House
999 _c41093
_d41093